Planning for the private interest : land use controls and residential patterns in Columbus, Ohio, 1900-1970
Αποθηκεύτηκε σε:
| Κύριος συγγραφέας: | |
|---|---|
| Μορφή: | Βιβλίο |
| Γλώσσα: | English |
| Δημοσίευση: |
Columbus :
Ohio State University Press,
1994
|
| Σειρά: | Urban life and urban landscape series
|
| Θέματα: | |
| Ετικέτες: |
Προσθήκη ετικέτας
Δεν υπάρχουν, Καταχωρήστε ετικέτα πρώτοι!
|
MARC
| LEADER | 00000nam a2200000 i 4500 | ||
|---|---|---|---|
| 001 | 1/11799 | ||
| 008 | 980120s1994 eng d | ||
| 020 | |a 0-8142-0632-8 | ||
| 035 | |1 ΠΑΡ |a 1997 |l 10018387 | ||
| 040 | |a GR-MY-UA |b gre |e aacr | ||
| 041 | 0 | |a eng | |
| 082 | 0 | |a 333.77 | |
| 100 | 1 | |a Burgess, Patricia |d 1947- | |
| 245 | 1 | 0 | |a Planning for the private interest : |b land use controls and residential patterns in Columbus, Ohio, 1900-1970 / |c Patricia Burgess |
| 260 | |a Columbus : |b Ohio State University Press, |c 1994 | ||
| 300 | |a 258 p. |b fig.; tables | ||
| 490 | 1 | |a Urban life and urban landscape series | |
| 500 | |a Revision of the author's thesis (doctoral-Ohio State University) | ||
| 504 | |a Includes bibliographical references and index | ||
| 650 | 0 | 0 | |a Land use |z Ohio |z Columbus |x History |y 20th century. |
| 650 | 0 | 0 | |a Zoning |z Ohio |z Columbus |x History |y 20th century. |
| 650 | 0 | 0 | |a Housing development |z Ohio |z Columbus |x History |y 20th century. |
| 830 | 0 | |a Urban life and urban landscape series | |
| 852 | |a INST |b LESVOS |e 19980120 |h 333.77 BUR |p 005100015308 |q 005100015308 |t BK |y 0 | ||
| 909 | |a Λ |b 052920 | ||
| 950 | |a 170/1996-02-06 | ||